000 00740nam a22002297a 4500
005 20080606150712.0
006 a|||||r|||||00| 0
007 ta
008 080606t xxu||||| |||| 00| 0 eng d
020 _a0755411277
_c*
040 _aDPL
_bEN
082 _a / ELD
100 _aEldin, Peter
245 _a(Five hundred) 500 fantastic facts /
_cPeter Eldin; edited by Nichola Tyrrell
260 _aBath
_bRobert Frederick
_c2006
260 _bBlue Berry (Vender)
270 _bBath
_a4, North Parade,
300 _a90p..:
_bcol. ill.
_c28 cm (Hb)
700 _aTyrrell, Nichola
942 _2ddc
_cCH
_h / ELD
999 _c13379
_d13379